La idea construída (Registro nro. 21588)

Detalles MARC
000 -Cabecera
Campo de control interno 00462nam a22002057a 4500
005 - Fecha y hora del registro
control field 20260319103454.0
008 - Elementos de Longitud Fija
fixed length control field 260319b |||||||| |||| 00| 0 spa d
041 ## - Idioma
Codigo Idioma ESP
082 ## - DEWEY y NOTACIÓN INTERNA
Dewey 720
Notación Interna C24I
100 ## - AUTOR
Autor denominación Campo Baeza, Alberto
245 ## - TÍTULO DE MATERIAL BIBLIOGRÁFICO
Título La idea construída
260 ## - CIUDAD, EDITORIAL, AÑO
Ciudad :
Nombre de la Editorial ,
Año 2009
300 ## - DESCRIPCIÓN
N° Páginas 110 páginas :
Otros detalles ;
Dimensiones 20 cm.
440 ## - MENCIÓN DE SERIE
Título de la Serie ;
650 ## - TEMAS
Temas Filosofía
654 ## - PROGRAMAS
Programa Dpto. de Humanidades
700 ## - OTROS AUTORES
Otros autores ;
942 ## - ELEMENTOS DE KOHA
Tipo de documento Libro
Nombre del creador Justo Noguera
Código de catalogador Justo Noguera
Suppress in OPAC No
Esquema de clasificación Dewey Decimal Classification
Existencias
Codigo completo Registro Colección Copia número Disponibilidad Tipo de préstamo Biblioteca Actual Procedencia (Biblioteca) Ubicacón Fecha Ingreso Tipo de Adquisición Date last seen Total checkouts Date last checked out Price effective from Tipo de Item Estado del Material Fuente de Clasificación Damaged status Withdrawn status
720 C24I 1080214 Universidad Católica San Pablo 1 Disponible Disponible Víctor Andrés Belaunde Víctor Andrés Belaunde Segundo piso 19/03/2026 Compra 14/04/2026 2 09/04/2026 19/03/2026 Libro Bueno Dewey Decimal Classification